00648nam a2200169Ia 4500008004100000100002200041245014300063245004300206260000900249300002300258440005000281500001100331650003200342650003000374650005300404650002100457170725s9999 xx 000 0 und d aHossein Navidinia aEnglish Language Learners’ Big Five Personality Characteristics and Their Preference for Isolated or Integrated Form-Focused Instruction cHossein Navidinia, Zeinab Beidokhti… c2017 apages 75-83, April aThe Asia-Pacific Education Researcherv26:1-2 aCJ0033 aBIG FIVE PERSONALITY TRAITS aEFL STUDENTS' PREFERENCES aISOLATED AND INTEGRATED FORM-FOCUSED INSTRUCTION aTEACHING GRAMMAR